00411nam a2200169Ia 4500003000400000005001700004008004100021020001800062040000700080041000800087082002200095100001600117245005100133260003200184300001200216365001300228OSt20230426093204.0210423s2013 xx 000 0 und d a9780385339032 cAL aeng a808.2322 FIES223 aFIELD (Syd) aScreenplay: the foundations of screen writing. aNew YorkbBantam dellc2013 a320bPB b699cINR